000 00389nam a2200169Ia 4500
003 IT-RoPAU
005 20220918175305.0
008 120407s9999 xx 000 0 und d
040 _aIT-RoPAU
040 _cIT-RoPAU
100 _aMartin Lutero
_936441
245 _aLibertà del cristiano. Lettera a Leone X
260 _aClaudiana
300 _c cm
490 _v1
942 _cBK
_2ddc
999 _c2081
_d2081